<?xml version="1.0" encoding="UTF-8"?>
<record
    xmlns:xsi="http://www.w3.org/2001/XMLSchema-instance"
    xsi:schemaLocation="http://www.loc.gov/MARC21/slim http://www.loc.gov/standards/marcxml/schema/MARC21slim.xsd"
    xmlns="http://www.loc.gov/MARC21/slim">

  <leader>01959nam a2200373 a 4500</leader>
  <controlfield tag="003">DO-SdBNP</controlfield>
  <controlfield tag="005">20250407125606.0</controlfield>
  <controlfield tag="007">ta</controlfield>
  <controlfield tag="008">211213e2018    dr db||gr|||| 000 edspa d</controlfield>
  <datafield tag="020" ind1=" " ind2=" ">
    <subfield code="a">9789945472974</subfield>
  </datafield>
  <datafield tag="040" ind1=" " ind2=" ">
    <subfield code="a">DO-SdBNP</subfield>
    <subfield code="b">spa</subfield>
    <subfield code="c">BNPHU</subfield>
  </datafield>
  <datafield tag="041" ind1=" " ind2=" ">
    <subfield code="h">spa</subfield>
  </datafield>
  <datafield tag="082" ind1=" " ind2="4">
    <subfield code="2">22</subfield>
    <subfield code="b">G633c</subfield>
  </datafield>
  <datafield tag="100" ind1="1" ind2=" ">
    <subfield code="9">74056</subfield>
    <subfield code="a">G&#xF3;mez Valenzuela, V&#xED;ctor</subfield>
  </datafield>
  <datafield tag="245" ind1="1" ind2="0">
    <subfield code="a">&#xBF;Cu&#xE1;l es el valor de los ecosistemas protegidos de la Rep&#xFA;blica Dominicana?</subfield>
    <subfield code="b">V&#xED;ctor G&#xF3;mez Valenzuela, Fancisco Alp&#xED;zar y Solhanlle Bonilla-Duarte; Editor, Fari Rosario; Pr&#xF3;logo, Domingo Contreras</subfield>
  </datafield>
  <datafield tag="260" ind1=" " ind2=" ">
    <subfield code="a">Santo Domingo :</subfield>
    <subfield code="b">Instituto Tecnol&#xF3;gico de Santo Domingo,</subfield>
    <subfield code="c">2018</subfield>
  </datafield>
  <datafield tag="300" ind1=" " ind2=" ">
    <subfield code="a">195 p.:</subfield>
    <subfield code="b">gr&#xE1;f. mapas;</subfield>
    <subfield code="c">23 cm.</subfield>
  </datafield>
  <datafield tag="500" ind1=" " ind2=" ">
    <subfield code="a">Incluye bibliograf&#xED;a y notas bibliogr&#xE1;ficas al pi&#xE9; de p&#xE1;ginas.</subfield>
  </datafield>
  <datafield tag="500" ind1=" " ind2=" ">
    <subfield code="a">Incluye datos biogr&#xE1;ficos del los autores: p. 193- 195</subfield>
  </datafield>
  <datafield tag="505" ind1="0" ind2=" ">
    <subfield code="a">Siglas y s&#xED;mbolos.</subfield>
  </datafield>
  <datafield tag="505" ind1="0" ind2=" ">
    <subfield code="a">Pr&#xF3;logo.</subfield>
  </datafield>
  <datafield tag="505" ind1="0" ind2=" ">
    <subfield code="a">Resumen ejecutvo.</subfield>
  </datafield>
  <datafield tag="505" ind1="0" ind2="0">
    <subfield code="a">Summary.</subfield>
    <subfield code="g">Cap&#xED;tulo 1. </subfield>
    <subfield code="t">Introducci&#xF3;n.--</subfield>
    <subfield code="t">Contexto de la valoraci&#xF3;n econ&#xF3;mica.--</subfield>
    <subfield code="g">Cap&#xED;tulo 2</subfield>
    <subfield code="t">La Rep&#xFA;blica Dominicana.--</subfield>
    <subfield code="g">Cap&#xED;tulo 3</subfield>
    <subfield code="t">Valoraci&#xF3;n econ&#xF3;mica y servicios ecosist&#xE9;micos.--</subfield>
    <subfield code="g">Cap&#xED;tulo 4</subfield>
    <subfield code="t">El sistema Nacional de &#xE1;reas Protegidas.-- </subfield>
    <subfield code="g">Cap&#xED;tulo 5</subfield>
    <subfield code="t">Los ecosistemas del sistema Nacional de &#xE1;reas protegidas.--</subfield>
    <subfield code="g">Cap&#xED;tulo 6</subfield>
    <subfield code="t">Marco metodol&#xF3;gico de la valoraci&#xF3;n.--</subfield>
    <subfield code="g">Cap&#xED;tulo 7</subfield>
    <subfield code="t">Valoraci&#xF3;n de los servicios ecosist&#xE9;micos.--</subfield>
    <subfield code="g">Cap&#xED;tulo 8</subfield>
    <subfield code="t">Conclusiones y recomendaciones.</subfield>
  </datafield>
  <datafield tag="590" ind1=" " ind2=" ">
    <subfield code="a">Inventariado MF / 2021</subfield>
  </datafield>
  <datafield tag="650" ind1=" " ind2="4">
    <subfield code="a">Econom&#xED;a Ambiental </subfield>
    <subfield code="z">Rep&#xFA;blica Dominicana</subfield>
    <subfield code="9">80851</subfield>
  </datafield>
  <datafield tag="650" ind1=" " ind2="0">
    <subfield code="a">Reservas forestales </subfield>
    <subfield code="x">- Aspectos econ&#xF3;micos </subfield>
    <subfield code="z">Rep&#xFA;blica Dominicana.</subfield>
    <subfield code="9">7051</subfield>
  </datafield>
  <datafield tag="650" ind1=" " ind2="0">
    <subfield code="a">Turismo sostenible</subfield>
    <subfield code="x"> Aspectos econ&#xF3;micos </subfield>
    <subfield code="z">Rep&#xFA;blica Dominicana.</subfield>
    <subfield code="9">80852</subfield>
  </datafield>
  <datafield tag="700" ind1="1" ind2=" ">
    <subfield code="a">Alp&#xED;zar, Fancisco.</subfield>
    <subfield code="9">80853</subfield>
  </datafield>
  <datafield tag="700" ind1="1" ind2=" ">
    <subfield code="9">76388</subfield>
    <subfield code="a">Bonilla, Solhanlle</subfield>
  </datafield>
  <datafield tag="700" ind1="1" ind2=" ">
    <subfield code="9">76028</subfield>
    <subfield code="a">Rosario, Fari,</subfield>
    <subfield code="e">editor</subfield>
  </datafield>
  <datafield tag="700" ind1="1" ind2=" ">
    <subfield code="9">64546</subfield>
    <subfield code="a">Contreras, Domingo</subfield>
    <subfield code="e">pr&#xF3;logo</subfield>
  </datafield>
  <datafield tag="910" ind1=" " ind2=" ">
    <subfield code="a">MF&#xE9;liz</subfield>
  </datafield>
  <datafield tag="942" ind1=" " ind2=" ">
    <subfield code="2">ddc</subfield>
    <subfield code="c">LBS1</subfield>
  </datafield>
  <datafield tag="952" ind1=" " ind2=" ">
    <subfield code="0">0</subfield>
    <subfield code="1">0</subfield>
    <subfield code="2">ddc</subfield>
    <subfield code="5">1</subfield>
    <subfield code="7">0</subfield>
    <subfield code="8">PD</subfield>
    <subfield code="a">BNPHU</subfield>
    <subfield code="b">PD</subfield>
    <subfield code="c">HD</subfield>
    <subfield code="d">2019-03-12</subfield>
    <subfield code="e">Dep&#xF3;sito legal / Editora B&#xFA;ho</subfield>
    <subfield code="l">0</subfield>
    <subfield code="o">G633c</subfield>
    <subfield code="p">2021-28557</subfield>
    <subfield code="r">2021-12-13</subfield>
    <subfield code="w">2021-12-13</subfield>
    <subfield code="y">LFPD</subfield>
  </datafield>
  <datafield tag="952" ind1=" " ind2=" ">
    <subfield code="0">0</subfield>
    <subfield code="1">0</subfield>
    <subfield code="2">ddc</subfield>
    <subfield code="5">1</subfield>
    <subfield code="7">0</subfield>
    <subfield code="8">PD</subfield>
    <subfield code="a">BNPHU</subfield>
    <subfield code="b">PD</subfield>
    <subfield code="c">HD</subfield>
    <subfield code="d">2019-03-12</subfield>
    <subfield code="e">Dep&#xF3;sito legal / Editora B&#xFA;ho</subfield>
    <subfield code="l">0</subfield>
    <subfield code="o">G633c</subfield>
    <subfield code="p">2021-28558</subfield>
    <subfield code="r">2021-12-13</subfield>
    <subfield code="t">e.2</subfield>
    <subfield code="w">2021-12-13</subfield>
    <subfield code="y">LFPD</subfield>
  </datafield>
  <datafield tag="952" ind1=" " ind2=" ">
    <subfield code="0">0</subfield>
    <subfield code="1">0</subfield>
    <subfield code="2">ddc</subfield>
    <subfield code="5">6</subfield>
    <subfield code="7">0</subfield>
    <subfield code="8">DS</subfield>
    <subfield code="a">BNPHU</subfield>
    <subfield code="b">BNPHU</subfield>
    <subfield code="c">HD</subfield>
    <subfield code="d">2019-03-12</subfield>
    <subfield code="e">Dep&#xF3;sito legal / Editora B&#xFA;ho</subfield>
    <subfield code="l">0</subfield>
    <subfield code="o">G633c</subfield>
    <subfield code="p">2021-28559</subfield>
    <subfield code="r">2021-12-13</subfield>
    <subfield code="t">e.3</subfield>
    <subfield code="w">2021-12-13</subfield>
    <subfield code="y">LF1</subfield>
  </datafield>
  <datafield tag="999" ind1=" " ind2=" ">
    <subfield code="c">51117</subfield>
    <subfield code="d">51117</subfield>
  </datafield>
</record>
